Top Scorers Euro 2024 - Statistics

General Stats
  • This quiz has been taken 41 times
  • The average score is 5 of 6
Answer Stats
Hint Answer No. % Correct
ENG Harry Kane 3
100%
NLD Cody Gakpo 3
89%
ESP Dani Olmo 3
81%
GER Jamal Musiala 3
81%
GEO Georges Mikautadze 3
58%
SVK Ivan Schranz 3
44%
No matching quizzes found
Score Distribution
Percent of People with Each Score
Percentile by Number Answered
Your Score History
You have not taken this quiz